Statistics for South American Countries

Click here to take the quiz!

General Stats

  • This quiz has been taken 9 times
  • The average score is 11 of 12

Answers on the Map

Answers color-coded by a green-red scale on the quiz's map according to % correct below.
 

Answer Stats

Answer% Correct
Argentina
100%
Bolivia
100%
Brazil
100%
Chile
100%
Paraguay
100%
Peru
100%
Suriname
100%
Uruguay
100%
Ecuador
88%
Guyana
88%
Colombia
75%
Venezuela
63%

Score Distribution

Percentile by Number Answered

Percent of People with Each Score

Your Score History

You have not taken this quiz